| 000 | 00779nam a22002297a 4500 | ||
|---|---|---|---|
| 003 | OSt | ||
| 005 | 20140310181926.0 | ||
| 008 | 130720t xxu||||| |||| 00| 0 eng d | ||
| 020 | _a0801112222 | ||
| 050 |
_aLB 1631 _b.P895 1987 |
||
| 082 |
_aTRE 808.02 _bC12 1997 |
||
| 110 |
_aCalifornia Department of Education _92395 |
||
| 245 |
_aPractical ideas for teaching and writing as process at the high school and college levels / _cCalifornia Department of Education |
||
| 260 |
_aCalifornia, U.S.A : _bThe Staff of Bureau of Publications, _cc1997. |
||
| 300 |
_a310 p. _bill. ; _c28 cm. |
||
| 521 | _aFaculty | ||
| 541 | _j1 | ||
| 562 | _e1 | ||
| 650 |
_aWriting _xTeaching _xHigh School _92396 |
||
| 650 |
_aWriting _xTeaching _xCollege _92397 |
||
| 942 |
_2lcc _cBK-TR _kTRE |
||
| 999 |
_c7193 _d7193 |
||